00839nam a2200205 a 450000100100000000500170001000800410002702000150006804000250008308200260010824501270013426000680026130000210032965000360035065000380038670000340042470000330045895201250049199900170061600002246020200930021627.0090713s1993 cu 001 p spa d a959100477X aDO-SdBNPbspacBNPHU aCu861.44bP745c, 199400aPoesía cubana de amor :bsiglo XX /cselección y nota introductoria Luis Rogelio Nogueras ; edición Eliana Dávila. bLa Habana :bLetras CubanasbInstituto Cubano del Libro,c1993. a195 p. ;c20 cm. 4aPoesía cubanaySIGLO XX99139 4aLiteratura cubanaySIGLO XX9918612aNogueras, Luis Rogelio91122612aDávila, Elianaeed.911227 0010507-18MOaGRbGRcOId2010-10-11iLF1l0oCu861.44 P745c, 1994p22460-10r2020-06-25w2020-06-25y1ZNo se presta c21958d21958